[Event "Arab-ch"]
[Site "Sharjah"]
[Date "2024.11.15"]
[Round "9"]
[White "Khalifah, Khaled"]
[Black "Khayat, Emad"]
[Result "0-1"]
[WhiteElo "2069"]
[BlackElo "1905"]
[PlyCount "94"]
[EventDate "2024.11.07"]
[EventType "swiss"]
[EventRounds "9"]
[EventCountry "UAE"]
[SourceTitle "CB47_2024"]
[SourceDate "2024.11.20"]
[SourceVersion "1"]
[SourceVersionDate "2024.11.20"]
[SourceQuality "1"]

1. d4 Nf6 2. c4 e6 3. Nc3 Bb4 4. g3 Bxc3+ 5. bxc3 d6 6. Bg2 0-0 7. Nf3 Nc6 8. 0-0 e5 9. Qc2 Re8 10. d5 Na5 11. Nd2 b6 12. e4 Ba6 13. Qd3 c6 14. Rb1 cxd5 15. exd5 Rc8 16. Rb4 Rc5 17. Re1 Qc7 18. Bf1 Nxd5 19. Ra4 Nf6 20. Ba3 Rc6 21. Bg2 d5 22. Bb4 Bxc4 23. Nxc4 Nxc4 24. Ra6 e4 25. Qd4 Qb7 26. Ra4 a5 27. Rb1 axb4 28. Raxb4 h6 29. Bf1 Qe7 30. Bxc4 Rxc4 31. Rxc4 dxc4 32. Qxc4 e3 33. Qd4 exf2+ 34. Qxf2 Qc5 35. Qxc5 bxc5 36. Rb5 Ne4 37. a4 Rc8 38. c4 Nd6 39. Rb1 Nxc4 40. Rc1 Na5 41. Kf2 c4 42. Ke3 f5 43. Rc2 Kf7 44. Kd4 c3 45. Rxc3 Rxc3 46. Kxc3 g5 47. Kb4 f4 0-1

[Event "Arab-ch"]
[Site "Sharjah"]
[Date "2024.11.14"]
[Round "8"]
[White "Saif, Ahmed"]
[Black "Khalifah, Khaled"]
[Result "0-1"]
[WhiteElo "2005"]
[BlackElo "2069"]
[PlyCount "84"]
[EventDate "2024.11.07"]
[EventType "swiss"]
[EventRounds "9"]
[EventCountry "UAE"]
[SourceTitle "CB47_2024"]
[SourceDate "2024.11.20"]
[SourceVersion "1"]
[SourceVersionDate "2024.11.20"]
[SourceQuality "1"]

1. e4 c5 2. Nf3 a6 3. c3 d5 4. exd5 Qxd5 5. d4 Nc6 6. Be3 cxd4 7. cxd4 e6 8. Nc3 Bb4 9. Bd3 Nf6 10. 0-0 Qd8 11. Rc1 0-0 12. Bg5 Be7 13. Bb1 h6 14. Bh4 g6 15. Re1 Kg7 16. Qd2 Qa5 17. Ne5 Rd8 18. Nxc6 bxc6 19. Qe3 Ng4 20. Qg3 Bxh4 21. Qxh4 Nf6 22. Ne4 Nxe4 23. Qxe4 Rd5 24. Qe3 Rb8 25. Be4 Rd8 26. Rc5 Qb4 27. Bxc6 Qxd4 28. Qxd4+ Rxd4 29. b3 Rd2 30. Ra5 Rb6 31. Bf3 Rbd6 32. g3 Rc2 33. Re2 Rc1+ 34. Kg2 Bd7 35. Rb2 f5 36. Be2 Bc8 37. h4 g5 38. hxg5 hxg5 39. g4 Kf6 40. gxf5 exf5 41. Bf3 g4 42. Bd5 Rxd5 0-1

[Event "Arab-ch Rapid"]
[Site "Sharjah"]
[Date "2024.11.10"]
[Round "6"]
[White "Khalifah, Khaled"]
[Black "Rashed Abubaker, Alhemeiri"]
[Result "0-1"]
[WhiteElo "2069"]
[BlackElo "1845"]
[PlyCount "146"]
[EventDate "2024.11.10"]
[EventType "swiss (rapid)"]
[EventRounds "7"]
[EventCountry "UAE"]
[SourceTitle "CB47_2024"]
[SourceDate "2024.11.20"]
[SourceVersion "1"]
[SourceVersionDate "2024.11.20"]
[SourceQuality "1"]

1. d4 d5 2. c4 dxc4 3. e3 e6 4. Bxc4 Nf6 5. Nf3 a6 6. a4 c5 7. 0-0 Nc6 8. b3 cxd4 9. exd4 Bb4 10. Bd2 0-0 11. Bxb4 Nxb4 12. Nc3 Bd7 13. Qe2 Bc6 14. Rad1 Rc8 15. Ne5 Nbd5 16. Nxd5 Bxd5 17. h3 h6 18. Rd3 Qd6 19. Rfd1 Rfd8 20. Rg3 Qb4 21. Qe3 Nh5 22. Rg4 Nf6 23. Rg3 Nh5 24. Rg4 Nf6 25. Rh4 Bxc4 26. bxc4 Qxa4 27. Re1 Qb4 28. Nxf7 Kxf7 29. Qxe6+ Kg6 30. Re5 Qb1+ 31. Kh2 Re8 32. Qd6 Kh7 33. Rf4 Qg6 34. c5 Rxe5 35. Qxe5 Re8 36. Qd6 Nh5 37. Qxg6+ Kxg6 38. Rf3 Rd8 39. Rd3 Nf4 40. Rb3 Rd7 41. g4 Ne6 42. Rb6 Kf7 43. c6 bxc6 44. Rxc6 a5 45. Ra6 Rd5 46. Kg3 Nxd4 47. f4 Nb3 48. g5 hxg5 49. fxg5 Rxg5+ 50. Kf4 Rh5 51. Kg4 Rc5 52. h4 Rc4+ 53. Kg5 Rc5+ 54. Kg4 g6 55. Ra7+ Kf6 56. Ra6+ Kg7 57. Kf4 Rc4+ 58. Kg5 Rc5+ 59. Kf4 Kh6 60. Ra8 Rc4+ 61. Kg3 a4 62. Rh8+ Kg7 63. Rb8 Nc1 64. Ra8 Rc3+ 65. Kg4 a3 66. Kg5 Rc5+ 67. Kg4 a2 68. Ra7+ Kh6 69. Ra6 Rc4+ 70. Kg3 Rc2 71. h5 Kxh5 72. Kf4 Nb3 73. Ra8 Kh6 0-1

[Event "Arab-ch"]
[Site "Sharjah"]
[Date "2024.11.09"]
[Round "4"]
[White "Khalifah, Khaled"]
[Black "Allam, Mohamed"]
[Result "0-1"]
[WhiteElo "2069"]
[BlackElo "2080"]
[PlyCount "120"]
[EventDate "2024.11.07"]
[EventType "swiss"]
[EventRounds "9"]
[EventCountry "UAE"]
[SourceTitle "CB47_2024"]
[SourceDate "2024.11.20"]
[SourceVersion "1"]
[SourceVersionDate "2024.11.20"]
[SourceQuality "1"]

1. d4 d5 2. c4 c6 3. cxd5 cxd5 4. Nc3 Nf6 5. Bf4 a6 6. Rc1 Nc6 7. e3 e6 8. Bd3 Bd6 9. Bxd6 Qxd6 10. Nf3 0-0 11. 0-0 h6 12. a3 b5 13. a4 b4 14. Ne2 Bd7 15. Ng3 Rfc8 16. Qe2 b3 17. Bb1 Qb4 18. Rfd1 Qxa4 19. e4 Ne7 20. e5 Nh7 21. Qd3 Nf8 22. Nd2 Bb5 23. Qe3 Qb4 24. f4 g6 25. Nf3 Nf5 26. Nxf5 exf5 27. Nh4 Bd7 28. Rxc8 Rxc8 29. g4 Qe7 30. Qg3 fxg4 31. f5 Qg5 32. fxg6 fxg6 33. Ng2 Rc1 34. Qxb3 Qd2 35. Ne3 Rxd1+ 36. Nxd1 Qxd4+ 37. Ne3 Qxe5 38. Qxd5+ Qxd5 39. Nxd5 Kf7 40. Kf2 Bf5 41. Bxf5 gxf5 42. Nb4 a5 43. Nc6 a4 44. Ne5+ Kf6 45. Nc4 Ne6 46. Nb6 Nc5 47. Ke3 Kg5 48. Nd5 h5 49. Kd4 Nb3+ 50. Ke3 Na5 51. Nb6 f4+ 52. Kf2 h4 53. Nxa4 Nc4 54. Nc5 Nd2 55. Ne6+ Kf5 56. Ng7+ Ke4 57. Nh5 Nb3 58. Ke2 Nc1+ 59. Kd2 g3 60. hxg3 fxg3 0-1

[Event "Arab-ch"]
[Site "Sharjah"]
[Date "2024.11.07"]
[Round "1"]
[White "Khalifah, Khaled"]
[Black "Bellahcene, Bilel"]
[Result "0-1"]
[WhiteElo "2069"]
[BlackElo "2517"]
[PlyCount "94"]
[EventDate "2024.11.07"]
[EventType "swiss"]
[EventRounds "9"]
[EventCountry "UAE"]
[SourceTitle "CB47_2024"]
[SourceDate "2024.11.20"]
[SourceVersion "1"]
[SourceVersionDate "2024.11.20"]
[SourceQuality "1"]

1. d4 Nf6 2. Nf3 e6 3. g3 d5 4. c4 Bb4+ 5. Bd2 Be7 6. Bg2 0-0 7. 0-0 Nbd7 8. cxd5 exd5 9. Nc3 c6 10. Qc2 Re8 11. Rfe1 Nf8 12. a3 a5 13. Rad1 Be6 14. Bg5 N8d7 15. Ne5 Nxe5 16. dxe5 Ng4 17. Bxe7 Qxe7 18. e4 d4 19. Rxd4 Nxe5 20. Ne2 c5 21. Rdd1 a4 22. Rc1 b6 23. f4 Bb3 24. Qc3 Nd7 25. Qe3 Rad8 26. Nc3 Nf6 27. h3 Qe6 28. e5 Nd5 29. Qf2 Nxc3 30. Rxc3 f5 31. Bf1 Rd4 32. Ree3 c4 33. Be2 Red8 34. g4 g6 35. gxf5 Qxf5 36. Bg4 Qxf4 37. Qxf4 Rxf4 38. e6 Re8 39. e7 Kf7 40. Be6+ Kf6 41. Bg8 Rxe7 42. Rxe7 Kxe7 43. Bxh7 Kf7 44. Re3 Rh4 45. Bxg6+ Kxg6 46. Re6+ Kf5 47. Rxb6 Rxh3 0-1

[Event "Titled Tuesday intern op 24th Sep Late"]
[Site "Chess.com INT"]
[Date "2024.09.24"]
[Round "9"]
[White "Khalifah, Khaled"]
[Black "Dolinskaya, Mariia"]
[Result "0-1"]
[WhiteElo "2062"]
[BlackElo "1899"]
[PlyCount "172"]
[EventDate "2024.09.24"]
[EventType "swiss (blitz)"]
[EventRounds "11"]
[EventCountry "USA"]
[SourceTitle "EXT 2025"]
[Source "ChessBase"]
[SourceDate "2024.10.14"]
[SourceVersion "1"]
[SourceVersionDate "2024.10.14"]
[SourceQuality "1"]

1. d4 Nf6 2. Nf3 c5 3. d5 b5 4. a4 b4 5. c4 d6 6. b3 g6 7. Bb2 Bg7 8. g3 0-0 9. Ra2 e6 10. dxe6 Bxe6 11. Bg2 Nc6 12. Ng5 Qc7 13. Nxe6 fxe6 14. 0-0 Rad8 15. Nd2 d5 16. cxd5 exd5 17. Qc2 Qd6 18. a5 Nh5 19. Bxg7 Nxg7 20. Rc1 Nd4 21. Qd3 Rde8 22. e3 Nde6 23. Qxd5 Qxd5 24. Bxd5 Kh8 25. Nc4 Rd8 26. Bxe6 Nxe6 27. Kg2 Rd3 28. Rb2 Kg7 29. a6 Rf6 30. Na5 Rc3 31. Rxc3 bxc3 32. Rc2 Nc7 33. Rxc3 Nxa6 34. Nb7 Rc6 35. b4 Nxb4 36. Rxc5 Rb6 37. Rc7+ Kg8 38. Na5 a6 39. f4 Nd5 40. Rc8+ Kg7 41. Kf3 Rb5 42. Nc4 Rb3 43. Rd8 Nf6 44. Ra8 Rc3 45. Ra7+ Kh6 46. Rxa6 Nd5 47. Ra4 Rc2 48. h4 Nc3 49. Ra7 Nd1 50. Ne5 Rf2+ 51. Kg4 Nxe3+ 52. Kh3 Rf1 53. Nf7+ Kg7 54. Ng5+ Kg8 55. Ra2 Rh1+ 56. Rh2 Rg1 57. h5 Nf1 58. Ra2 Rxg3+ 59. Kh4 gxh5 60. Ra8+ Kg7 61. Ra7+ Kg6 62. Ra6+ Kf5 63. Ra5+ Kxf4 64. Ne6+ Ke4 65. Ra4+ Ke5 66. Nc5 Rg1 67. Kxh5 Rh1+ 68. Kg5 h6+ 69. Kg6 h5 70. Nd7+ Kd6 71. Nf6 h4 72. Ne4+ Ke5 73. Ng5 h3 74. Rh4 h2 75. Nf3+ Kd6 76. Nxh2 Nxh2 77. Kg7 Rg1+ 78. Kh7 Nf3 79. Rh3 Ng5+ 80. Kh6 Nxh3 81. Kh5 Nf4+ 82. Kh4 Ng6+ 83. Kh5 Ke6 84. Kh6 Kf6 85. Kh7 Rh1+ 86. Kg8 Rh8# 0-1

[Event "Titled Tuesday intern op 24th Sep Late"]
[Site "Chess.com INT"]
[Date "2024.09.24"]
[Round "10"]
[White "Khalifah, Khaled"]
[Black "Reinecke, Katharina"]
[Result "1/2-1/2"]
[WhiteElo "2062"]
[BlackElo "1983"]
[PlyCount "74"]
[EventDate "2024.09.24"]
[EventType "swiss (blitz)"]
[EventRounds "11"]
[EventCountry "USA"]
[SourceTitle "EXT 2025"]
[Source "ChessBase"]
[SourceDate "2024.10.14"]
[SourceVersion "1"]
[SourceVersionDate "2024.10.14"]
[SourceQuality "1"]

1. d4 c6 2. c4 d5 3. cxd5 cxd5 4. Nc3 Nf6 5. Bf4 e6 6. Rc1 Bd7 7. e3 Be7 8. Qb3 Bc6 9. Bb5 0-0 10. Bxc6 bxc6 11. Nf3 Nbd7 12. 0-0 Qb6 13. Na4 Qxb3 14. axb3 Rac8 15. h3 c5 16. dxc5 Nxc5 17. Nxc5 Rxc5 18. Ra1 a5 19. Nd4 Rfc8 20. Ra4 Ne4 21. Rfa1 Bd8 22. f3 Rc1+ 23. Kh2 Rxa1 24. Rxa1 Nf6 25. Ra4 Nd7 26. Bd6 g6 27. f4 Kg7 28. g4 h5 29. Kg3 hxg4 30. hxg4 Nf6 31. Be5 Kf8 32. Bxf6 Bxf6 33. Rxa5 Bxd4 34. exd4 Rb8 35. Ra3 Rb4 36. Kf3 Rxd4 37. Ke3 Rb4 1/2-1/2

[Event "Titled Tuesday intern op 17th Sep Late"]
[Site "Chess,com INT"]
[Date "2024.09.17"]
[Round "3"]
[White "Khalifah, Khaled"]
[Black "Pang, Qi"]
[Result "0-1"]
[WhiteElo "2062"]
[BlackElo "2155"]
[PlyCount "74"]
[EventDate "2024.09.17"]
[EventType "swiss (blitz)"]
[EventRounds "11"]
[EventCountry "USA"]
[SourceTitle "EXT 2025"]
[Source "ChessBase"]
[SourceDate "2024.10.14"]
[SourceVersion "1"]
[SourceVersionDate "2024.10.14"]
[SourceQuality "1"]

1. d4 d5 2. c4 e6 3. Nc3 Nf6 4. cxd5 exd5 5. Bg5 Be7 6. e3 c6 7. Nf3 0-0 8. Bd3 Nbd7 9. Qc2 Re8 10. 0-0 Nf8 11. h3 h6 12. Bh4 Ne4 13. Bxe7 Qxe7 14. Bxe4 dxe4 15. Nd2 f5 16. a3 a5 17. Rab1 Be6 18. b4 axb4 19. axb4 Ng6 20. Nb3 Nh4 21. g3 Nf3+ 22. Kg2 Bxb3 23. Qxb3+ Kh7 24. b5 Nd2 25. Qc2 Nxf1 26. Rxf1 cxb5 27. Nxb5 Rec8 28. Qb3 Ra6 29. d5 Rb6 30. d6 Qd7 31. Rb1 Rc5 32. Qa2 Rcxb5 33. Rc1 Rxd6 34. Rc2 Rd1 35. Rc4 Rbb1 36. g4 Rg1+ 37. Kh2 Qd6+ 0-1

[Event "Titled Tuesday intern op 10th Sep Late"]
[Site "Chess,com INT"]
[Date "2024.09.10"]
[Round "6"]
[White "Bambino Filho, Antonio Carlos"]
[Black "Khalifah, Khaled"]
[Result "0-1"]
[WhiteElo "2168"]
[BlackElo "2062"]
[PlyCount "38"]
[EventDate "2024.09.10"]
[EventType "swiss (blitz)"]
[EventRounds "11"]
[EventCountry "USA"]
[SourceTitle "EXT 2025"]
[Source "ChessBase"]
[SourceDate "2024.10.14"]
[SourceVersion "1"]
[SourceVersionDate "2024.10.14"]
[SourceQuality "1"]

1. e4 c5 2. Nf3 a6 3. c3 e6 4. d4 d5 5. e5 Nc6 6. Be2 Nge7 7. 0-0 Nf5 8. a3 cxd4 9. cxd4 Qb6 10. Nc3 Nfxd4 11. Nxd4 Nxd4 12. Be3 Nxe2+ 13. Qxe2 Qc7 14. Rac1 Qxe5 15. Na4 Bd7 16. Nb6 Bb5 17. Qd2 Bxf1 18. Bf4 Qe4 19. Nxa8 Qxg2# 0-1

[Event "Titled Tuesday intern op 10th Sep Late"]
[Site "Chess,com INT"]
[Date "2024.09.10"]
[Round "3"]
[White "Elier, Ali"]
[Black "Khalifah, Khaled"]
[Result "0-1"]
[WhiteElo "2160"]
[BlackElo "2062"]
[PlyCount "96"]
[EventDate "2024.09.10"]
[EventType "swiss (blitz)"]
[EventRounds "11"]
[EventCountry "USA"]
[SourceTitle "EXT 2025"]
[Source "ChessBase"]
[SourceDate "2024.10.14"]
[SourceVersion "1"]
[SourceVersionDate "2024.10.14"]
[SourceQuality "1"]

1. e4 c5 2. d4 cxd4 3. c3 dxc3 4. Nxc3 Nc6 5. Nf3 e5 6. Bc4 Be7 7. Qb3 Na5 8. Qa4 Nxc4 9. Qxc4 d6 10. Nb5 Kf8 11. Nc7 Rb8 12. Be3 b5 13. Qc2 Rb7 14. Rc1 Bd7 15. 0-0 g6 16. Rfd1 Kg7 17. Nd5 Bg4 18. Qc6 Rd7 19. Qxb5 Nf6 20. Nc3 h5 21. h3 Bxf3 22. gxf3 h4 23. Rd2 Qc8 24. Rcd1 Rb7 25. Qe2 Qxh3 26. Qf1 Qxf3 27. Qg2 Qxg2+ 28. Kxg2 h3+ 29. Kg3 Nh5+ 30. Kh2 f5 31. exf5 gxf5 32. Rg1+ Kf7 33. Bg5 Rg8 34. f4 Nxf4 35. Bxf4 Rxg1 36. Kxg1 exf4 37. Kh2 Ke6 38. Kxh3 Bf6 39. Re2+ Be5 40. Kg2 Rg7+ 41. Kf2 Rg3 42. Kf1 Rd3 43. Na4 Kd5 44. b3 f3 45. Re1 Bd4 46. a3 f2 47. Rd1 Rxd1+ 48. Ke2 f1Q# 0-1

[Event "Titled Tuesday intern op 10th Sep Late"]
[Site "Chess,com INT"]
[Date "2024.09.10"]
[Round "10"]
[White "Jimenez Salas, Maria Teresa"]
[Black "Khalifah, Khaled"]
[Result "1-0"]
[WhiteElo "1995"]
[BlackElo "2062"]
[PlyCount "77"]
[EventDate "2024.09.10"]
[EventType "swiss (blitz)"]
[EventRounds "11"]
[EventCountry "USA"]
[SourceTitle "EXT 2025"]
[Source "ChessBase"]
[SourceDate "2024.10.14"]
[SourceVersion "1"]
[SourceVersionDate "2024.10.14"]
[SourceQuality "1"]

1. e4 c5 2. Nf3 a6 3. c4 Nc6 4. d4 cxd4 5. Nxd4 e5 6. Nc2 Nf6 7. Nc3 Bc5 8. Be2 0-0 9. 0-0 Nd4 10. a3 Nxc2 11. Qxc2 d6 12. b4 Bd4 13. Bb2 Be6 14. Nd5 Bxb2 15. Nxf6+ Qxf6 16. Qxb2 Rac8 17. Rac1 Qf4 18. Qc2 f5 19. exf5 Bxf5 20. Qd1 Rf6 21. Qd5+ Be6 22. Qxb7 Rcf8 23. Qxa6 Rg6 24. g3 Qe4 25. c5 Bd5 26. f3 Qe3+ 27. Kg2 e4 28. f4 dxc5 29. Qb5 Qd4 30. Rfd1 e3+ 31. Kg1 Qe4 32. Rxd5 Rxf4 33. Rd8+ Kf7 34. Qd7+ Kf6 35. Qd6+ Kf5 36. Qd5+ Qxd5 37. Rxd5+ Ke4 38. Rdxc5 Rf2 39. R1c4# 1-0

[Event "Titled Tuesday intern op 10th Sep Late"]
[Site "Chess,com INT"]
[Date "2024.09.10"]
[Round "11"]
[White "Khalifah, Khaled"]
[Black "Montano Vicente, Guadalupe"]
[Result "1-0"]
[WhiteElo "2062"]
[BlackElo "1973"]
[PlyCount "85"]
[EventDate "2024.09.10"]
[EventType "swiss (blitz)"]
[EventRounds "11"]
[EventCountry "USA"]
[SourceTitle "EXT 2025"]
[Source "ChessBase"]
[SourceDate "2024.10.14"]
[SourceVersion "1"]
[SourceVersionDate "2024.10.14"]
[SourceQuality "1"]

1. d4 Nf6 2. Nf3 g6 3. g3 Bg7 4. Bg2 0-0 5. 0-0 d6 6. c3 Nbd7 7. Nbd2 Re8 8. e4 e5 9. d5 c6 10. c4 cxd5 11. cxd5 a5 12. a3 Nc5 13. Qe2 Bd7 14. Ne1 b5 15. Nd3 Nxd3 16. Qxd3 Qb6 17. Nb3 Rec8 18. Be3 Qb7 19. Rfc1 a4 20. Nd2 Ng4 21. h4 Nxe3 22. Qxe3 h5 23. Bf1 Bf6 24. Nf3 Bd8 25. Ne1 Bb6 26. Qh6 Qa7 27. Nd3 Bd4 28. Qg5 Rxc1 29. Rxc1 Bg4 30. Qf6 Qd7 31. Rc6 Rd8 32. Nb4 Bc5 33. Bxb5 Bxb4 34. axb4 Rb8 35. Bxa4 Rxb4 36. b3 Rb8 37. Rxd6 Qc7 38. Rc6 Qa5 39. Qxe5 Qe1+ 40. Kg2 Rf8 41. Qf4 Be2 42. Rc1 Bf1+ 43. Kg1 1-0

[Event "Titled Tuesday intern op 03rd Sep Late"]
[Site "Chess.com INT"]
[Date "2024.09.03"]
[Round "4"]
[White "Gurevich, Dmitry"]
[Black "Khalifah, Khaled"]
[Result "1-0"]
[WhiteElo "2352"]
[BlackElo "2062"]
[PlyCount "113"]
[EventDate "2024.09.03"]
[EventType "swiss (blitz)"]
[EventRounds "11"]
[EventCountry "USA"]
[SourceTitle "EXT 2025"]
[Source "ChessBase"]
[SourceDate "2024.10.14"]
[SourceVersion "1"]
[SourceVersionDate "2024.10.14"]
[SourceQuality "1"]

1. d4 d5 2. c4 e6 3. Nc3 Nf6 4. Nf3 c6 5. Bg5 Be7 6. e3 Nbd7 7. Qc2 h6 8. Bh4 0-0 9. Rd1 b6 10. a3 Bb7 11. Be2 c5 12. cxd5 exd5 13. 0-0 Ne4 14. Bxe7 Qxe7 15. dxc5 Nxc3 16. Qxc3 Nxc5 17. Nd4 Ne4 18. Qb3 Rfd8 19. Bd3 Nc5 20. Qb4 Qf6 21. Bb1 g6 22. Nb5 a5 23. Qd4 Kg7 24. Qxf6+ Kxf6 25. Rfe1 Rac8 26. Nc3 Ke6 27. Rd4 f5 28. f3 Ke5 29. Ba2 Rc7 30. Red1 Rcd7 31. b4 axb4 32. axb4 Ne6 33. f4+ Kf6 34. Nxd5+ Bxd5 35. Rxd5 Rxd5 36. Rxd5 Rxd5 37. Bxd5 Nc7 38. Bc6 Ke7 39. Kf2 Kd6 40. Bf3 Na6 41. b5 Nc7 42. Bc6 Kc5 43. h4 Nxb5 44. Be8 Nd6 45. Bxg6 b5 46. Ke2 b4 47. Kd3 Kb5 48. g4 fxg4 49. e4 g3 50. Ke2 b3 51. e5 Nc4 52. Kf3 Kc5 53. Kxg3 Kd4 54. Kg4 Ne3+ 55. Kh5 Ng2 56. Kg4 Ne3+ 57. Kf3 1-0

[Event "Titled Tuesday intern op 03rd Sep Late"]
[Site "Chess.com INT"]
[Date "2024.09.03"]
[Round "8"]
[White "Khalifah, Khaled"]
[Black "Herman, Daniel"]
[Result "0-1"]
[WhiteElo "2062"]
[BlackElo "1925"]
[PlyCount "76"]
[EventDate "2024.09.03"]
[EventType "swiss (blitz)"]
[EventRounds "11"]
[EventCountry "USA"]
[SourceTitle "EXT 2025"]
[Source "ChessBase"]
[SourceDate "2024.10.14"]
[SourceVersion "1"]
[SourceVersionDate "2024.10.14"]
[SourceQuality "1"]

1. d4 Nf6 2. Nf3 g6 3. g3 Bg7 4. Bg2 0-0 5. 0-0 d5 6. c4 dxc4 7. Qa4 Nc6 8. Qxc4 Be6 9. Qd3 Bf5 10. Qb3 Nxd4 11. Nxd4 Qxd4 12. Be3 Qe5 13. Nc3 Ne4 14. Bf4 Qd4 15. Rad1 Nxc3 16. Rxd4 Nxe2+ 17. Kh1 Nxd4 18. Qxb7 e5 19. Be3 Rab8 20. Qxc7 Rxb2 21. Qxa7 h5 22. a4 Bd3 23. Rd1 Be2 24. Re1 Rc8 25. a5 Bf8 26. Bxd4 exd4 27. Qxd4 Rcc2 28. Be4 Rd2 29. Qe5 Bg7 30. Qe8+ Bf8 31. a6 Bxa6 32. Bxg6 fxg6 33. Qxg6+ Kh8 34. Qxh5+ Kg8 35. Qg6+ Kh8 36. Qf6+ Kg8 37. Re8 Bb7+ 38. f3 Rd1+ 0-1

[Event "Titled Tuesday intern op 03rd Sep Late"]
[Site "Chess.com INT"]
[Date "2024.09.03"]
[Round "2"]
[White "Khalifah, Khaled"]
[Black "Jahnz, Laurin"]
[Result "1-0"]
[WhiteElo "2062"]
[BlackElo "2086"]
[PlyCount "85"]
[EventDate "2024.09.03"]
[EventType "swiss (blitz)"]
[EventRounds "11"]
[EventCountry "USA"]
[SourceTitle "EXT 2025"]
[Source "ChessBase"]
[SourceDate "2024.10.14"]
[SourceVersion "1"]
[SourceVersionDate "2024.10.14"]
[SourceQuality "1"]

1. d4 d5 2. c4 e6 3. Nc3 c6 4. cxd5 exd5 5. Nf3 Bd6 6. e3 f5 7. Bd3 Nf6 8. 0-0 0-0 9. Nd2 Ne4 10. f4 Nd7 11. Nf3 Ndf6 12. Qc2 Be6 13. b3 Bf7 14. a4 Qe7 15. Bb2 Bh5 16. Rae1 Bxf3 17. Rxf3 Bb4 18. h3 a5 19. Kh2 h5 20. Rff1 h4 21. Rc1 Ng3 22. Rf3 Nfe4 23. Ne2 Nh5 24. Bxe4 fxe4 25. Rff1 Rf5 26. Rg1 Qf7 27. g4 hxg3+ 28. Nxg3 Nxg3 29. Rxg3 Qh5 30. Rcg1 Bf8 31. Qg2 Rf7 32. Ba3 Qh7 33. Bxf8 Raxf8 34. Rg6 Re8 35. Qg4 Kf8 36. f5 c5 37. dxc5 d4 38. Qf4 dxe3 39. Qd6+ Kg8 40. f6 e2 41. Rxg7+ Rxg7 42. fxg7 e1Q 43. Qd5+ 1-0

[Event "Dubai op-B 23rd"]
[Site "Dubai"]
[Date "2023.05.30"]
[Round "4"]
[White "Jaiveer, Mahendru"]
[Black "Khalifah, Khaled"]
[Result "1-0"]
[WhiteElo "1716"]
[BlackElo "1959"]
[PlyCount "73"]
[EventDate "2023.05.27"]
[EventType "swiss"]
[EventRounds "9"]
[EventCountry "UAE"]
[SourceTitle "CBM 214 Extra"]
[Source "ChessBase"]
[SourceDate "2023.07.31"]
[SourceVersion "1"]
[SourceVersionDate "2023.07.31"]
[SourceQuality "1"]

1. e4 c6 2. d4 d5 3. f3 Qb6 4. Nc3 dxe4 5. Nxe4 Nf6 6. c3 Nxe4 7. fxe4 e5 8. Nf3 exd4 9. Qxd4 Qxd4 10. cxd4 Bb4+ 11. Bd2 Bxd2+ 12. Kxd2 0-0 13. Bc4 Nd7 14. Ng5 Nf6 15. Rhf1 Be6 16. Nxe6 fxe6 17. Bxe6+ Kh8 18. e5 Ng8 19. Bc4 Ne7 20. Rxf8+ Rxf8 21. Rf1 Rxf1 22. Bxf1 b5 23. Be2 Kg8 24. Bg4 Kf7 25. Bd7 a5 26. a3 h6 27. Kd3 g6 28. b3 h5 29. Ke4 g5 30. g3 Kg7 31. Be8 Kf8 32. Bxh5 Nd5 33. Kf5 a4 34. bxa4 bxa4 35. Kxg5 Ke7 36. Bf3 Nb4 37. Be4 1-0

[Event "Dubai op-B 23rd"]
[Site "Dubai"]
[Date "2023.05.28"]
[Round "2"]
[White "Mahmoud Youssef, Noha"]
[Black "Khalifah, Khaled"]
[Result "0-1"]
[WhiteElo "1674"]
[BlackElo "1959"]
[PlyCount "102"]
[EventDate "2023.05.27"]
[EventType "swiss"]
[EventRounds "9"]
[EventCountry "UAE"]
[SourceTitle "CBM 214 Extra"]
[Source "ChessBase"]
[SourceDate "2023.07.31"]
[SourceVersion "1"]
[SourceVersionDate "2023.07.31"]
[SourceQuality "1"]

1. e4 c5 2. Nf3 a6 3. c4 Nc6 4. d4 cxd4 5. Nxd4 Nf6 6. Nc3 e5 7. Nc2 h6 8. a3 Be7 9. Be2 0-0 10. 0-0 d6 11. Be3 Be6 12. b4 Rc8 13. f3 Nb8 14. Nd5 Nxd5 15. cxd5 Bd7 16. Ne1 f5 17. Nd3 f4 18. Bf2 g5 19. Qb3 Bf6 20. Nb2 b5 21. a4 h5 22. axb5 axb5 23. Ra5 Qe8 24. Qd1 Kh8 25. Kh1 Rg8 26. h3 Rc7 27. Ra7 Rxa7 28. Bxa7 Na6 29. Nd3 Qc8 30. Rg1 g4 31. fxg4 hxg4 32. Bf1 Rg7 33. g3 f3 34. h4 Rh7 35. Bf2 Qd8 36. Qe1 Be8 37. Kh2 Bg6 38. Rh1 Rc7 39. Qe3 Kg7 40. Qb6 Qc8 41. Qxd6 Bxe4 42. Nxe5 Rc2 43. Kg1 Rxf2 44. Kxf2 Qf5 45. Qd7+ Qxd7 46. Nxd7 Bd4+ 47. Ke1 f2+ 48. Kd2 Bxh1 49. Bxb5 Nxb4 50. Bf1 Bxd5 51. Kd1 Kf7 0-1

[Event "Abu Dhabi President Cup"]
[Site "Abu Dhabi"]
[Date "2022.12.23"]
[Round "9"]
[White "Khalifah, Khaled"]
[Black "Hamdan Edrees, Alhamed"]
[Result "1-0"]
[WhiteElo "1939"]
[BlackElo "1698"]
[PlyCount "79"]
[EventDate "2022.12.16"]
[EventType "swiss"]
[EventRounds "9"]
[EventCountry "UAE"]
[SourceTitle "CBM 212 Extra"]
[Source "ChessBase"]
[SourceDate "2023.03.31"]
[SourceVersion "1"]
[SourceVersionDate "2023.03.31"]
[SourceQuality "1"]

1. d4 d5 2. c4 e6 3. cxd5 exd5 4. Nc3 Be7 5. Nf3 Nf6 6. Bg5 0-0 7. Qc2 c6 8. e3 Nbd7 9. Bd3 Re8 10. h3 Nf8 11. 0-0 Ne4 12. Bf4 Nf6 13. Rae1 h6 14. Ne5 Bb4 15. Bh2 Ba5 16. a3 Bc7 17. b4 a6 18. f4 Qe7 19. Qb3 Ne4 20. Nxe4 dxe4 21. Bxe4 Be6 22. d5 cxd5 23. Bxd5 f6 24. Nf3 Rad8 25. Bxe6+ Qxe6 26. Qc2 Bb6 27. Kh1 Kh8 28. Bg1 Qe4 29. Qxe4 Rxe4 30. Rd1 Rde8 31. Nd4 Ne6 32. Nf5 Bc7 33. Rc1 a5 34. Ng3 Rxf4 35. exf4 Bxf4 36. Rc3 axb4 37. axb4 Be5 38. Ra3 Nc7 39. Nf5 Nb5 40. Rd3 1-0

[Event "Abu Dhabi President Cup"]
[Site "Abu Dhabi"]
[Date "2022.12.20"]
[Round "6"]
[White "Ali, Abdulaziz"]
[Black "Khalifah, Khaled"]
[Result "1/2-1/2"]
[WhiteElo "1965"]
[BlackElo "1939"]
[PlyCount "106"]
[EventDate "2022.12.16"]
[EventType "swiss"]
[EventRounds "9"]
[EventCountry "UAE"]
[SourceTitle "CBM 212 Extra"]
[Source "ChessBase"]
[SourceDate "2023.03.31"]
[SourceVersion "1"]
[SourceVersionDate "2023.03.31"]
[SourceQuality "1"]

1. e4 c5 2. Nf3 e6 3. d4 cxd4 4. Nxd4 Nc6 5. c4 Nf6 6. Nc3 Bb4 7. Nxc6 bxc6 8. e5 Ne4 9. Qd4 Qa5 10. Bd2 Nxd2 11. Kxd2 Bc5 12. Qg4 0-0 13. Kc2 d5 14. exd6 Bxd6 15. Bd3 f5 16. Qe2 Rb8 17. Rhe1 Be7 18. Rac1 Bf6 19. Qd2 Rd8 20. Kb1 e5 21. Rc2 e4 22. Nxe4 Bxb2 23. Rxb2 Rxb2+ 24. Kxb2 Qb6+ 25. Kc2 fxe4 26. Rxe4 Bf5 27. Re3 Qa6 28. Kd1 Qa4+ 29. Ke1 c5 30. g4 Bg6 31. Qe2 Qb4+ 32. Kd1 Qb1+ 33. Kd2 Qxa2+ 34. Ke1 Qa1+ 35. Kd2 Qb2+ 36. Kd1 Qb1+ 37. Kd2 Qb4+ 38. Kc1 Qc3+ 39. Qc2 Qa1+ 40. Kd2 Qd4 41. h3 Rb8 42. Ke1 Rb2 43. Bxg6 hxg6 44. Qd3 Qf6 45. Rf3 Qb6 46. Kf1 Qb8 47. Qxg6 Qh2 48. Qe8+ Kh7 49. Qe4+ Kg8 50. Qe8+ Kh7 51. Qh5+ Kg8 52. Qd5+ Kh7 53. Qd3+ Kg8 1/2-1/2